La novela del barroco

Salvato in:
Dettagli Bibliografici
Autore principale: Albrecht, Helmuth F (Autore)
Natura: Libro
Lingua:spagnolo
Pubblicazione: Buenos Aires Universidad de Buenos Aires 1946
Serie:Antología Alemana, 24
Soggetti:
Tags: Aggiungi Tag
Nessun Tag, puoi essere il primo ad aggiungerne!!

MARC

LEADER 00000nam a2200000 a 4500
001 UCQ3321
003 CL-VaPUC
008 980817e19460000AG |||||||||||||||||spa|d
082 0 4 |a 833.09  |b ALB  |2 21 
100 0 |a Albrecht, Helmuth F  |e author  |9 417378 
245 1 3 |a La novela del barroco 
300 |a 42 p 
942 |c BK 
945 |d 19980817 00:00:00  |a crobeson 
260 |a Buenos Aires  |b Universidad de Buenos Aires  |c 1946 
650 0 |a Novela alemana  |9 322037 
650 0 |a Literatura alemana   |9 265457 
650 7 |a BARROCO EN LA LITERATURA  |2 CL-VaPUC  |9 346603 
650 7 |a HISTORIA LITERARIA  |2 CL-VaPUC  |9 313318 
583 |a last modification  |c 19980817 00:00:00  |k Rodrigo Vera 
490 0 |a Antología Alemana, 24 
999 |c 273910  |d 273908 
952 |0 0  |1 0  |4 0  |6 833_090000000000000_ALB_1946  |7 0  |8 A  |9 309891  |a BIBEDU  |b BIBEDU  |d 2019-11-20  |i 1455648  |o 833.09 ALB 1946  |p 1455648  |r 2019-11-20  |w 2019-11-20  |y BK  |k LIT